Metanoia : una historia de toma de decisión que le hará rever sus conceptos /
"Cuenta la historia de Lucas (que podría ser cualquiera de nosotros), un emprendedor cuya empresa pierde un gran contrato con su principal cliente"--Contraportada.
Guardado en:
| Autor Principal: | |
|---|---|
| Formato: | Libro |
| Idioma: | Spanish Portuguese |
| Publicado: |
Sao Paulo :
Editora Gente,
2004.
|
| Materias: | |
| Etiquetas: |
Agregar Etiqueta
Sin Etiquetas, Sea el primero en etiquetar este registro!
|
| LEADER | 00915nam a22002175a 4500 | ||
|---|---|---|---|
| 001 | EAD.ead000381 | ||
| 008 | 060503s2004####bl############000#f#spa#d | ||
| 005 | 20171212125538.0 | ||
| 245 | 1 | 0 | |a Metanoia : |b una historia de toma de decisión que le hará rever sus conceptos / |c Roberto Adami Tranjan ; traducción de Enrique Julio Romera. |
| 260 | |a Sao Paulo : |b Editora Gente, |c 2004. | ||
| 300 | |a 197 p. ; |c 23 cm. | ||
| 520 | |a "Cuenta la historia de Lucas (que podría ser cualquiera de nosotros), un emprendedor cuya empresa pierde un gran contrato con su principal cliente"--Contraportada. | ||
| 020 | |a 8573124431 | ||
| 100 | 1 | |a Tranjan, Roberto Adami. | |
| 082 | 0 | 4 | |a 658.403 |2 21 |
| 650 | 7 | |a Toma de decisiones |x Ficción. |2 unbist | |
| 650 | 7 | |a Capacidad empresarial. |2 unbist | |
| 653 | |a Novela | ||
| 653 | |a Lectura recreativa | ||
| 041 | 1 | |a spa |h por | |
| 859 | |a AR-BaBDC |b BIB. ADMINISTRACION - Libros |h 658.403 |i T687 |p b05258 | ||
